| 000 | 00879cab a2200289 4500 | ||
|---|---|---|---|
| 001 | ABS57288 | ||
| 008 | 090401t1997 xxu||||| |||| 00| 0 eng d | ||
| 035 | _a(Sirsi) u79996 | ||
| 041 | _aeng | ||
| 100 | _aBennett, J. | ||
| 245 | 4 | _aThe power to contract | |
| 260 | _c1997 | ||
| 350 | _a0 | ||
| 490 |
_aLocal Government Chronicle _vLaw & Administration (8) 25 July 1997, 8-9(2) |
||
| 520 | _aClaims that the Local Government (Contracts) Bill 1997 offers only a `quick fix` to the problems of vires in PFI contracts. | ||
| 650 | _aCERTIFICATION | ||
| 650 | _aLOCAL AUTHORITIES | ||
| 650 | _aLOCAL GOVERNMENT (CONTRACTS) BILL | ||
| 650 | _aPFI CONTRACTS | ||
| 650 | _aPFI | ||
| 650 | _aPRIVATE FINANCE INITIATIVE | ||
| 650 | _aULTRA VIRES | ||
| 690 | _aPROPERTY-PROPERTY FINANCE AND INVESTMENT | ||
| 700 | _aCirell, S. | ||
| 942 | _n0 | ||
| 948 | _c29/07/1997 | ||
| 999 |
_c50346 _d50346 |
||